| 000 | 00566nam a2200217 a 4500 | ||
|---|---|---|---|
| 005 | 20210219153011.0 | ||
| 008 | 991125n 000 0 u | ||
| 035 | _aUPN01000072459 | ||
| 100 | _aBergan, John R. | ||
| 222 | _aYOUNG CHILDREN | ||
| 245 | _aDevelopmental assessment : new directions | ||
| 300 | _a41-47 | ||
| 362 | _a48, No. 5, 1993 | ||
| 505 | _aNoviembre 1993 | ||
| 653 | 0 | _aEVALUACION DEL ESTUDIANTE | |
| 653 | 0 | _aMEDIDAS (INDIVIDUALES) | |
| 653 | 0 | _aOBSERVACION | |
| 700 | _aFeld, Jason K. | ||
| 904 |
_aAC _b010270 |
||
| 905 | _aArticulo | ||
| 999 |
_c65929 _d65929 |
||